| 000 | 00000nam##2200000za#4500 |
| 001 | 9.686027 |
| 003 | CaOODSP |
| 005 | 20210624230342 |
| 007 | cr ||||||||||| |
| 008 | 150407|1999||||xxc|||||o f|0| 0 eng|d |
| 020 | |a0-662-30076-9 |
| 040 | |aCaOODSP|beng |
| 043 | |an-cn--- |
| 086 | 1 |aE2-228/1999E-IN |
| 110 | 1 |aCanada.|bForeign Affairs and International Trade. |bCanadian Centre for Foreign Policy Development. |
| 245 | 10|aHelping to Develop a Canadian Discussion on the Americas (March 17, 1999 Calgary) : |h[electronic resource]|breport from the Calgary Roundtable |
| 260 | |aOttawa - Ontario : |bForeign Affairs and International Trade. |c1999. |
| 300 | |a17p. |
| 590 | |a10-06-Supp|b2010-07-26 |
| 690 | 07|aInternational security|2gcpds |
| 690 | 07|aFree trade|2gcpds |
| 775 | 08|tContribution à la discussion sur les politiques canadiennes dans les Amériques : |w(CaOODSP)9.637756 |
| 776 | 0#|tReport from the Calgary Roundtable : |w(CaOODSP)9.663215 |
| 776 | 0#|tRapport de la Table ronde de Calgary : |w(CaOODSP)9.663216 |
| 856 | 40|ahttp://publications.gc.ca|qPDF|s427 KB|uhttps://publications.gc.ca/collections/Collection/E2-228-1999E.pdf |
| 986 | |a8004.1E |